000 00305nam a22001337a 4500
008 181031b xxu||||| |||| 00| 0 eng d
020 _a1566627516
041 _aeng
080 _23rd
_a340
100 _a 14
101 _aSHJ
245 _aThe Law and Ethics of Lawyering
_cHazard,G,C
942 _2udc
_cBK
999 _c51314
_d51314